• 首页
  • 本馆介绍
  • 公告通知
  • 最新文献
  • 馆藏检索
  • 电子资源
  • 读者导购
  • 参考咨询
  • 我的图书馆
  • 登录
  • 详细信息显示
  • 放入我的书架
  • 预约/预借图书
  • 作者相关作品
  • 分类相关作品
  • 丛书相关作品
  • 出版社相关作品

书目信息

  • 表格格式
  • 工作单格式
  • 卡片格式
题名:
药用植物组织培养
    
 
作者: 钱子刚 主编
分册:  
出版信息: 北京   中国中医药出版社  2016.02
页数: 276页
开本: 26cm
丛书名:
单 册:
中图分类: S567.035.3
科图分类:
主题词: 药用植物--组织培养--中医学院--教材 , 药用植物 , 组织培养
电子资源:
ISBN: 978-7-80156-903-5
000 00967nam0 2200253 450
001 643
005 20160908105023.84
010    @a978-7-80156-903-5@dCNY22.00
100    @a20060329d2016 em y0chiy0110 ea
101 0  @achi
102    @aCN@b110000
105    @aa z 000yy
200 1  @a药用植物组织培养@9yao yong zhi wu zu zhi pei yang@f钱子刚主编
210    @a北京@c中国中医药出版社@d2016.02
215    @a276页@c图@d26cm
300    @a新世纪全国高等中医药院校创新教材 (供中草药栽培与鉴定专业用)
330    @a本书内容分为上下两篇:上篇为药用植物组织培养的原理和方法,下篇为药用植物组织培养的应用。介绍植物细胞工程内容和植物种质资源离体保存、有关有效成分植物次生代谢产物以及可用于实践的组培苗工厂化生产内容。
606 0  @a药用植物@x组织培养@x中医学院@j教材
606 0  @a药用植物
606 0  @a组织培养
690    @aS567.035.3@v4
701  0 @a钱子刚@9qian zi gang@f(1962.10~)@4主编
801  0 @aCN@b唐山师范学院图书馆@c20160723
905    @aZUCC@dS567.035.3@e66
    
    药用植物组织培养/钱子刚主编.-北京:中国中医药出版社,2016.02
    276页:图;26cm
    新世纪全国高等中医药院校创新教材 (供中草药栽培与鉴定专业用)
    
    ISBN 978-7-80156-903-5:CNY22.00
    本书内容分为上下两篇:上篇为药用植物组织培养的原理和方法,下篇为药用植物组织培养的应用。介绍植物细胞工程内容和植物种质资源离体保存、有关有效成分植物次生代谢产物以及可用于实践的组培苗工厂化生产内容。
●
相关链接 在E读中查询图书 在五车中查询图书 在当当中查询图书 在豆瓣中查询图书


正题名:药用植物组织培养     索取号:S567.035.3/66         预约/预借

序号 登录号 条形码 馆藏地/架位号 状态 备注
1 902813   209028130   第二样本阅览室/ [索取号:S567.035.3/66] 在馆    
2 902814   209028149   第三借阅区/ [索取号:S567.035.3/66] 在馆    
3 902815   209028158   第三借阅区/ [索取号:S567.035.3/66] 在馆    
4 902816   209028167   第三借阅区/ [索取号:S567.035.3/66] 在馆    
5 902817   209028176   密集书库-生命科学系/ [索取号:S567.035.3/66] 在馆    
唐山师范学院图书馆 欢迎您!
大连网信软件有限公司© 版权所有